Normal view
MARC view
- Knigth, David S.
Entry Personal Name
001 - CONTROL NUMBER
- control field: 61612
003 - CONTROL NUMBER IDENTIFIER
- control field: OSt
005 - DATE AND TIME OF LATEST TRANSACTION
- control field: 20240924160630.0
008 - FIXED-LENGTH DATA ELEMENTS
- fixed length control field: 240924|| aca||aabn | a|a d
040 ## - CATALOGING SOURCE
- Original cataloging agency: OSt
- Transcribing agency: OSt
100 ## - HEADING--PERSONAL NAME
- Personal name: Knigth, David S.
- Relator term: author.
670 ## - SOURCE DATA FOUND
- Source citation: Work cat.: (OSt): Mcmaorris, Claire. author. 61611, How state prioritize educational needs during the covid-19 pandemic :, University of Illinois Press, Summer 2022.
